000 00891nmc a2200289 a 4500
003 AR-BaBNM
005 20251128211525.0
008 014120s2000 ||||||||||||||000 | spa||
020 _a987-538-011-3
040 _cAR-BaBNM
100 1 _aMarpegán, Carlos María
245 1 0 _aEl placer de enseñar tecnología
_bactividades de aula para docentes inquietos
250 _a1ª ed.
260 _aBuenos Aires
_bEdiciones Novedades Educativas
_c2000
300 _a140 p.
_btablas, il.
490 0 _aRecursos didácticos
504 _aContiene referencias bibliográficas p. 139-140
650 4 _aACTIVIDADES DE APRENDIZAJE
653 _aENSENANZA DE LA TECNOLOGIA
653 _aEDUCACION TECNOLOGICA
653 _aESTRATEGIAS DIDACTICAS
653 _aPROYECTOS DE AULA
700 1 _aMandón, María Josefa
700 1 _aPintos, Juan Carlos
942 _cBK
998 _craquel
999 _c20018
_d20018